000 00436nam a2200193Ia 4500
005 20250425162645.0
008 250425s9999 xx 000 0 und d
020 _a0444886052
041 _aeng
082 _a540
245 0 _aMODELLING IN ENVIRONMENTAL CHEMISTRY
250 _aS.E
260 _aEstados Unidos
_bELSEVIER
_c1991
260 _aNEW YORK
300 _a602
650 _aQUIMICA
942 _c01
010 _a94793
999 _c233764
_d233764